000 00379 a2200169 4500
001 190229
020 _a978-85-385-4123-3
040 _cMagnum
100 _aQueirós, Bartolomeu Campos de
240 1 0 _aDuas patas e um tatu
_lpor
245 1 0 _aDuas patas e um tatu
300 _a23
362 0 _a2010
440 1 _aPositivo
697 _aLITERATURA INFANTIL
942 _cBK
999 _c190229
_d190229